[Event "World Amateur-ch U2300"]
[Site "Cagliari"]
[Date "2018.04.26"]
[Round "6"]
[White "Adamova, Tuyaara"]
[Black "Ibar, Marcelo Rodolfo"]
[Result "1/2-1/2"]
[WhiteElo "2026"]
[BlackElo "2121"]
[PlyCount "56"]
[EventDate "2018.04.22"]
[EventType "swiss"]
[EventRounds "9"]
[EventCountry "ITA"]
[SourceTitle "CBM 184 Extra"]
[Source "ChessBase"]
[SourceDate "2018.06.28"]
[SourceVersion "1"]
[SourceVersionDate "2018.06.28"]
[SourceQuality "1"]

1. e4 e6 2. d4 d5 3. e5 c5 4. c3 Nc6 5. Nf3 Qb6 6. a3 c4 7. Nbd2 Na5 8. b3 cxb3 9. Rb1 Bd7 10. c4 Ba4 11. c5 Qc6 12. Bb2 Be7 13. Bd3 Nh6 14. h4 b6 15. cxb6 Qxb6 16. Ng5 Rc8 17. Rc1 Rxc1 18. Qxc1 Kd7 19. Bc3 Rc8 20. Qb2 Qc7 21. Rh3 Nc4 22. Nxc4 dxc4 23. Be2 Qd8 24. f4 Qf8 25. Nxh7 Qg8 26. Ng5 Qf8 27. Nh7 Qg8 28. Ng5 Qf8 1/2-1/2

[Event "World Amateur-ch U2300"]
[Site "Cagliari"]
[Date "2018.04.23"]
[Round "3"]
[White "Bukojemski, Adam"]
[Black "Ibar, Marcelo Rodolfo"]
[Result "1/2-1/2"]
[WhiteElo "2194"]
[BlackElo "2121"]
[PlyCount "55"]
[EventDate "2018.04.22"]
[EventType "swiss"]
[EventRounds "9"]
[EventCountry "ITA"]
[SourceTitle "CBM 184 Extra"]
[Source "ChessBase"]
[SourceDate "2018.06.28"]
[SourceVersion "1"]
[SourceVersionDate "2018.06.28"]
[SourceQuality "1"]

1. e4 e5 2. Nf3 Nc6 3. Bb5 a6 4. Ba4 Nf6 5. 0-0 Nxe4 6. d4 b5 7. Bb3 d5 8. dxe5 Be6 9. c3 Bc5 10. Nbd2 0-0 11. Bc2 Nxf2 12. Rxf2 f6 13. exf6 Bxf2+ 14. Kxf2 Qxf6 15. Kg1 Rae8 16. Nb3 Ne5 17. Nbd4 Bg4 18. h3 Bxf3 19. Nxf3 Nxf3+ 20. gxf3 Qxf3 21. Qxf3 Rxf3 22. Kg2 Rf6 23. Bd3 Re1 24. Rb1 Rfe6 25. Kf2 Rd1 26. Bc2 Rde1 27. Bd3 Rd1 28. Bc2 1/2-1/2

[Event "World Amateur-ch U2300"]
[Site "Cagliari"]
[Date "2018.04.23"]
[Round "2"]
[White "Ibar, Marcelo Rodolfo"]
[Black "Bayarmaa, Bayarjargal"]
[Result "0-1"]
[WhiteElo "2121"]
[BlackElo "2226"]
[PlyCount "68"]
[EventDate "2018.04.22"]
[EventType "swiss"]
[EventRounds "9"]
[EventCountry "ITA"]
[SourceTitle "CBM 184 Extra"]
[Source "ChessBase"]
[SourceDate "2018.06.28"]
[SourceVersion "1"]
[SourceVersionDate "2018.06.28"]
[SourceQuality "1"]

1. e4 c5 2. Nf3 d6 3. d4 cxd4 4. Nxd4 Nf6 5. Nc3 a6 6. Bg5 e6 7. f4 Nbd7 8. Qf3 Qc7 9. 0-0-0 Be7 10. g4 b5 11. Bxf6 Nxf6 12. g5 Nd7 13. f5 Ne5 14. Qg3 b4 15. Nce2 Bd7 16. h4 Rc8 17. Rh2 exf5 18. exf5 Bxf5 19. Nf4 Bg4 20. Bxa6 0-0 21. Nd5 Qa7 22. Nxe7+ Qxe7 23. Re1 Ra8 24. Be2 Rxa2 25. Bxg4 Ra1+ 26. Kd2 Nc4+ 27. Kd3 Nxb2+ 28. Kd2 Nc4+ 29. Kd3 Rxe1 30. Kxc4 Re3 31. Qg2 Qc7+ 32. Nc6 Rc3+ 33. Kb5 Qb7+ 34. Ka4 Ra3# 0-1

[Event "Villa Ballester op 68th"]
[Site "Villa Ballester"]
[Date "2018.01.21"]
[Round "4.3"]
[White "Ibar, Marcelo Rodolfo"]
[Black "Paveto, Kevin"]
[Result "1-0"]
[WhiteElo "2102"]
[BlackElo "2407"]
[PlyCount "117"]
[EventDate "2018.01.19"]
[EventType "swiss"]
[EventRounds "9"]
[EventCountry "ARG"]
[SourceTitle "EXT 2024"]
[Source "ChessBase"]
[SourceDate "2023.10.10"]
[SourceVersion "1"]
[SourceVersionDate "2023.10.10"]
[SourceQuality "1"]

1. e4 c5 2. Nf3 d6 3. d4 cxd4 4. Nxd4 Nf6 5. Nc3 g6 6. Be3 Bg7 7. f3 0-0 8. Qd2 Nc6 9. 0-0-0 d5 10. exd5 Nxd5 11. Nxc6 bxc6 12. Nxd5 cxd5 13. Qxd5 Qc7 14. Qc5 Qb8 15. Qb5 Qxb5 16. Bxb5 Rb8 17. a4 a6 18. Bc4 Bxb2+ 19. Kd2 Bd7 20. Bb3 Rfc8 21. Rb1 Bc3+ 22. Kc1 Rb4 23. Bd2 Bxd2+ 24. Kxd2 Kg7 25. Rhe1 Rd4+ 26. Kc1 Kf6 27. Rd1 Rxd1+ 28. Kxd1 Rc5 29. Kd2 e5 30. c4 Ke7 31. Kc3 a5 32. Bc2 h5 33. Rb6 h4 34. Rb8 Be8 35. Rb7+ Kd6 36. Rb8 Bd7 37. Rh8 g5 38. Ra8 h3 39. gxh3 Bxh3 40. Ra6+ Ke7 41. Ra7+ Kf6 42. Ra6+ Be6 43. Bd3 g4 44. fxg4 Kg5 45. Rb6 Kf4 46. Rb5 Rc8 47. Rxa5 e4 48. Bf1 e3 49. h3 Kf3 50. Re5 Rc6 51. Bd3 f6 52. Re4 f5 53. gxf5 Bxf5 54. Rxe3+ Kxe3 55. Bxf5 Ra6 56. Bd7 Rd6 57. Bb5 Rd1 58. a5 Ra1 59. a6 1-0

[Event "Villa Martelli Jose Rubinstein op 18th"]
[Site "Villa Martelli"]
[Date "2017.11.18"]
[Round "3.3"]
[White "Ibar, Marcelo Rodolfo"]
[Black "Bulcourf, Carlos"]
[Result "1/2-1/2"]
[WhiteElo "2130"]
[BlackElo "1941"]
[PlyCount "95"]
[EventDate "2017.11.17"]
[EventType "swiss"]
[EventRounds "7"]
[EventCountry "ARG"]
[SourceTitle "EXT 2024"]
[Source "ChessBase"]
[SourceDate "2023.10.10"]
[SourceVersion "1"]
[SourceVersionDate "2023.10.10"]
[SourceQuality "1"]

1. Nf3 b5 2. g3 Bb7 3. Bg2 c5 4. 0-0 Nf6 5. d3 e6 6. e4 Nc6 7. e5 Ng4 8. a4 a6 9. h3 Nh6 10. axb5 axb5 11. Rxa8 Bxa8 12. Bxh6 gxh6 13. Nc3 Bg7 14. Nxb5 0-0 15. Qe2 Qb8 16. c4 Nxe5 17. Nxe5 Qxe5 18. Qxe5 Bxe5 19. b3 Bc6 20. f4 Bxb5 21. fxe5 Bc6 22. Bxc6 dxc6 23. Kf2 Ra8 24. Ke3 Ra2 25. Rf2 Ra1 26. Rb2 Re1+ 27. Re2 Rb1 28. Ra2 Re1+ 29. Kf4 Rf1+ 30. Kg4 Rd1 31. Ra6 Rxd3 32. Rxc6 Rxb3 33. Rxc5 Kg7 34. Rc8 h5+ 35. Kf4 h4 36. gxh4 Rxh3 37. Kg4 Re3 38. Kf4 Rh3 39. Kg4 Rd3 40. Kf4 h5 41. Kg5 Rf3 42. Kxh5 Rf5+ 43. Kg4 Rxe5 44. c5 Re4+ 45. Kg3 Re3+ 46. Kg2 Re4 47. Kg3 Re3+ 48. Kg2 1/2-1/2

[Event "ARG-chT"]
[Site "Villa Martelli"]
[Date "2017.09.09"]
[Round "6.2"]
[White "Liascovich, Lucas"]
[Black "Ibar, Marcelo Rodolfo"]
[Result "1-0"]
[WhiteElo "2472"]
[BlackElo "2129"]
[PlyCount "72"]
[EventDate "2017.08.05"]
[EventType "team-swiss"]
[EventRounds "9"]
[EventCountry "ARG"]
[SourceTitle "CBM 180 Extra"]
[Source "ChessBase"]
[SourceDate "2017.10.06"]
[SourceVersion "1"]
[SourceVersionDate "2017.10.06"]
[SourceQuality "1"]
[WhiteTeam "Ferro Carril Oeste"]
[BlackTeam "Centro Univ CUV"]
[WhiteTeamCountry "ARG"]
[BlackTeamCountry "ARG"]

1. d4 d5 2. c4 e6 3. Nf3 Nf6 4. Nc3 Be7 5. Bg5 0-0 6. e3 h6 7. Bh4 Ne4 8. Bxe7 Qxe7 9. Rc1 b6 10. cxd5 Nxc3 11. Rxc3 exd5 12. Qc2 c6 13. Bd3 Bb7 14. 0-0 Nd7 15. Rc1 g6 16. b4 a6 17. e4 c5 18. bxc5 dxe4 19. c6 Bxc6 20. Rxc6 exf3 21. Bxg6 fxg6 22. Rxg6+ Kf7 23. Qf5+ Ke8 24. Qd5 Nf6 25. Qxa8+ Kf7 26. Rxf6+ Qxf6 27. Qd5+ Kg7 28. Rc7+ Kh8 29. Qe4 Rf7 30. Rc8+ Kg7 31. h4 Qf4 32. Qe8 fxg2 33. Qh8+ Kg6 34. Rg8+ Kf5 35. Rg3 Ke4 36. Re3+ Kf5 1-0

[Event "ARG-chT"]
[Site "Villa Martelli"]
[Date "2017.08.12"]
[Round "2.3"]
[White "Ibar, Marcelo Rodolfo"]
[Black "Di Giannantonio, Nino"]
[Result "1/2-1/2"]
[WhiteElo "2129"]
[BlackElo "2377"]
[PlyCount "116"]
[EventDate "2017.08.05"]
[EventType "team-swiss"]
[EventRounds "9"]
[EventCountry "ARG"]
[SourceTitle "CBM 180 Extra"]
[Source "ChessBase"]
[SourceDate "2017.10.06"]
[SourceVersion "1"]
[SourceVersionDate "2017.10.06"]
[SourceQuality "1"]
[WhiteTeam "Centro Univ CUV"]
[BlackTeam "Ushuaia Jaque Mate"]
[WhiteTeamCountry "ARG"]
[BlackTeamCountry "ARG"]

1. Nf3 Nf6 2. c4 c6 3. g3 d5 4. Qc2 Bg4 5. Bg2 Nbd7 6. d4 e6 7. 0-0 Be7 8. Nbd2 0-0 9. b3 a5 10. Bb2 a4 11. e4 dxe4 12. Nxe4 Nxe4 13. Qxe4 Bf5 14. Qe3 Qb6 15. Nd2 Nf6 16. h3 h6 17. g4 Bh7 18. Rfe1 Rfd8 19. c5 Qc7 20. Nc4 axb3 21. axb3 Rxa1 22. Rxa1 Nd5 23. Qg3 Nf4 24. Kh1 Qb8 25. Bc1 g5 26. Be3 Kg7 27. Bf3 Bf6 28. Nd6 Rxd6 29. cxd6 Qxd6 30. Rd1 Bc2 31. Rd2 Bxb3 32. Bg2 Bd5 33. Bxf4 gxf4 34. Qd3 b5 35. Bxd5 Qxd5+ 36. f3 Qg5 37. Kh2 Qh4 38. Rg2 Qe1 39. g5 hxg5 40. Qc2 Bxd4 41. Rxg5+ Kh6 42. Rg2 c5 43. Qa2 Qa1 44. Qe2 Qb1 45. Qd2 Qf5 46. Qa5 Bf6 47. Qxb5 Bh4 48. Qb8 Bg3+ 49. Kh1 Qxh3+ 50. Kg1 Qf5 51. Qh8+ Kg6 52. Rd2 c4 53. Qg8+ Kh5 54. Qh8+ Kg5 55. Qg7+ Kh5 56. Qh8+ Kg6 57. Qg8+ Kf6 58. Qh8+ Kg6 1/2-1/2